| 000 | 00685cam a22002293a 4500 | ||
|---|---|---|---|
| 001 | 15037 | ||
| 003 | PGUSA | ||
| 005 | 20140828083325.0 | ||
| 008 | 050214s2005||||xxu|||||s|||||000 | eng d | ||
| 040 |
_aPGUSA _beng |
||
| 042 | _adc | ||
| 050 | 4 | _aF3051 | |
| 100 | 1 |
_aHyades, Paul, _d1847-1919 |
|
| 245 | 1 | 0 |
_aEen Jaar aan Kaap Hoorn : _bDe Aarde en haar Volken, 1886 _h[electronic resource] / _cPaul Hyades |
| 260 |
_bProject Gutenberg, _c2005 |
||
| 506 | _aPublic domain in the USA. | ||
| 516 | _aElectronic text | ||
| 653 | _aHorn, Cape (Chile) -- Description and travel | ||
| 830 | 0 |
_aProject Gutenberg _v15037 |
|
| 856 | 4 | 0 | _uhttp://www.gutenberg.org/ebooks/15037 |
| 942 | _cEB | ||
| 999 |
_c244292 _d244292 |
||